| 000 | 00000nam##2200000za#4500 |
| 001 | 9.618069 |
| 003 | CaOODSP |
| 005 | 20210615102607 |
| 007 | ta |
| 008 | 150406|2006||||xxc||||| f|0| 0 eng|d |
| 040 | |aCaOODSP|beng |
| 043 | |an-cn--- |
| 086 | 1 |aNH18-22/106-109E |
| 110 | 2 |aCanada Mortgage and Housing Corporation. |
| 245 | 10|aOccupancy-based classification system for design and construction of residential basements |
| 260 | |bCanada Mortgage and Housing Corporation |cJune 2006. |
| 300 | |a3, [1]p. : |btables ; |c28 cm. |
| 490 | 1 |aResearch highlight. Technical series |v06-109 |
| 520 | 3 |aThese technical papers summarize a wide range of housing-related studies, reports, and manuals. They examine issues as diverse as low-maintenance northern landscaping; policy options for achieving healthy indoor air quality; and various aspects of building performance, including high-rise building envelope performance, performance of various building materials, and evaluations of district heating systems. |
| 563 | |aPamphlet |
| 590 | |a06-48|b2006-12-01 |
| 690 | 07|aClassification|2gcpds |
| 690 | 07|aConstruction|2gcpds |
| 690 | 07|aHousing|2gcpds |
| 775 | 08|tCatégorisation selon l'usage pour la conception et la construction des sous-sols de bâtiments résidentiels |w(CaOODSP)9.627339 |
| 776 | 0#|tOccupancy-based classification system for design and construction of residential basements |w(CaOODSP)9.581196 |
| 830 | #0|aResearch highlight. Technical series ;|v06-109|w(CaOODSP)9.514826 |